Statistics for psychology research : (Record no. 51995)

MARC details
000 -LEADER
fixed length control field 00621nam a2200205Ia 4500
005 - DATE AND TIME OF LATEST TRANSACTION
control field 20260429112030.0
008 - FIXED-LENGTH DATA ELEMENTS--GENERAL INFORMATION
fixed length control field 260429s9999||||xx |||||||||||||| ||und||
020 ## - INTERNATIONAL STANDARD BOOK NUMBER
International Standard Book Number 9783031609695
041 ## - LANGUAGE CODE
Language English
082 ## - DEWEY DECIMAL CLASSIFICATION NUMBER
Classification number 001.422019
Item number HUT
100 ## - MAIN ENTRY--PERSONAL NAME
Personal name Hutcheson, Adam T.
245 #0 - TITLE STATEMENT
Title Statistics for psychology research :
Remainder of title a short guide using excel /
Statement of responsibility, etc Adam T. Hutcheson
260 ## - PUBLICATION, DISTRIBUTION, ETC. (IMPRINT)
Place of publication, distribution, etc Switzerland :
Name of publisher, distributor, etc Palgrave Macmillan,
Date of publication, distribution, etc 2024.
300 ## - PHYSICAL DESCRIPTION
Extent xxv, 245 p.; pbk
650 ## - SUBJECT ADDED ENTRY--TOPICAL TERM
Topical term or geographic name as entry element Psychological research
650 ## - SUBJECT ADDED ENTRY--TOPICAL TERM
Topical term or geographic name as entry element Statistical methods
650 ## - SUBJECT ADDED ENTRY--TOPICAL TERM
Topical term or geographic name as entry element Research methods
700 ## - ADDED ENTRY--PERSONAL NAME
Personal name Brown, Kristina Groce
942 ## - ADDED ENTRY ELEMENTS (KOHA)
Koha item type Text Books
Holdings
Withdrawn status Lost status Damaged status Not for loan Collection code Home library Location Shelving location Date of Cataloging Source of acquisition Total Checkouts Full call number Barcode Date last seen Price effective from Koha item type
        Non-fiction CUTN Central Library CUTN Central Library Generalia 29/04/2026 Overseas Press, New Delhi - Invoice No. IN32831 on 09-02-2026   001.422019 HUT 57038 29/04/2026 29/04/2026 Text Books